States of India by First Two Letters in 30 Seconds - Statistics

General Stats
  • This quiz has been taken 1,940 times
    1,729 since last reset
  • The average score is 18 of 36
Answers on the Map
Answers color-coded by a green-red scale on the quiz's map according to % correct below.
 
Answer Stats
State State % Correct
Union Territory Jammu and Kashmir
82%
State Madhya Pradesh
77%
State Maharashtra
77%
State Manipur
77%
State Uttarakhand
70%
State Uttar Pradesh
70%
State Karnataka
69%
State Gujarat
63%
Union Territory Puducherry
63%
State Punjab
60%
State Rajasthan
60%
State Tamil Nadu
58%
Union Territory Andaman and Nicobar Islands
56%
State Andhra Pradesh
56%
Union Territory Delhi
56%
State Kerala
51%
State Assam
47%
Union Territory Ladakh
46%
Union Territory Lakshadweep
46%
State Haryana
45%
State Goa
44%
Union Territory Chandigarh
43%
State Chhattisgarh
43%
State Telangana
42%
State Himachal Pradesh
40%
State Arunachal Pradesh
39%
State Bihar
39%
State West Bengal
38%
State Odisha
37%
State Sikkim
33%
State Mizoram
29%
State Meghalaya
28%
State Nagaland
28%
State Jharkhand
25%
State Tripura
19%
Union Territory Dadra and Nagar Haveli and Daman and Diu
11%
No matching quizzes found
Score Distribution
Percent of People with Each Score
Percentile by Number Answered
Your Score History
You have not taken this quiz since the last reset